01083nam a2200253 i 450000100060000000300090000600500170001500700030003200800410003508000220007610000440009824500940014226000340023630000390027049000320030950000140034150400280035550502210038370000260060483000400063085200210067099900170069195201210070850211ES-MaACL20250522063044.0t|030801s1982 sp ||||1| spa d a821.134.2-223"17"1 aCruz, Ramón de la, d1731-179494180610aSainetes. n1 / cRamón de la Cruz ; edición, introducción y notas de John Dowling. aMadrid : bCastalia, c[1982] a1 v. : b5 h. de lám. ; c18 cm.1 aClásicos Castalia ; v124 aGlosario. aBibliografia: p. 55-63.8 aContiene: 1 ; tEl Prado por la noche ; tLa Pradera de San Isidro ; tLa comedia de maravillas ; tLa presumida burlada ; tManolo ; tLas usías y las payas ; tEl cortejo escarmentado ; tEl diablo autor aburrido1 aDowling, John.9455330 aClásicos Castalia ; v1249178595 aES-MaACLjP-1863 c50211d50211 00104070aATENEOMbATENEOMcDEPO2d2008-01-17eSCl0oP-1863p1052818r2023-02-23 00:00:00w2023-02-23yMONOGRAFIA